000 00628nam a2200217Ii 4500
001 8311
003 CO-ViMGA
008 241108s9999||||xx |||||||||||||| ||und||
020 _a8432986534
040 _aCO-ViMGA
_bspa
_erda
_cCO-ViMGA
041 0 _aunk
082 0 4 _a862.6-R763ch
100 1 _aMaría del Pilar Romero
_956147
245 1 0 _a<El> chatarrero
264 1 _a[Lugar de publicación no identificado] : Ediciones CEAC, 1984
300 _avolumen
336 _atext
_btxt
_2rdacontent
337 _aunmediated
_bn
_2rdamedia
338 _avolume
_bnc
_2rdacarrier
940 _aidficha_siabuc: 8123. -- ficha_no_siabuc:8311
999 _c53954
_d53954